Brief to counsel /

Saved in:
Bibliographic Details
Main Author: Cecil, Henry, 1902-1976
Format: Book
Language:English
Published: London : M. Joseph, [1972]
Edition:[2d ed.].
Subjects:
LEADER 00894cam a2200253 a 4500
001 c000298526
003 CARM
005 20090603181031.0
008 720815s1972 enka 001 0 eng
015 |a B*** 
019 1 |a 619745  |5 LACONCORD2021 
020 |a 071810997X :  |c £2.00 
035 |a (OCoLC)495709  |5 LACONCORD2021 
043 |a e-uk--- 
082 0 0 |a 347 
100 1 |a Cecil, Henry,  |d 1902-1976. 
245 1 0 |a Brief to counsel /  |c Illustrated by Edward Ardizzone. With a foreword by Lord Devlin. 
250 |a [2d ed.]. 
260 |a London :  |b M. Joseph,  |c [1972] 
300 |a 204 p. :  |b illus ;  |c 21 cm. 
650 0 |a Practice of law  |z Great Britain. 
852 8 |b CARM  |h A3:AD14B0  |i B11263  |p 0541186  |f BK 
999 f f |i 8c29c564-7691-53b4-bb28-fc8c029c7bc7  |s de98da35-9192-599a-9192-84ffd1a45c65 
952 f f |p Can circulate  |a CAVAL  |b CAVAL  |c CAVAL  |d CARM 1 Store  |e B11263  |f A3:AD14B0  |h Other scheme  |i book  |m 0541186